| 000 | 00575nam a22001937a 4500 | ||
|---|---|---|---|
| 005 | 20140618162351.0 | ||
| 010 | _aENG-110234 | ||
| 020 |
_a9788170945413 _c295.00 |
||
| 035 | _aEN-93766 | ||
| 037 | _bDBAD/PUB | ||
| 082 | _a270 | ||
| 100 | _aAdamec, Ludwig W. | ||
| 245 |
_aThe A to Z of Islam / _cby Ludwig W.Adamec |
||
| 260 |
_aNew Delhi _bVision Books _c2014 |
||
| 270 |
_a24 Feroze Gandhi Road, Lajpat Nagar 3 _bNew Delhi _e110024 |
||
| 300 |
_axxix,298p. _c22cm(pbk) |
||
| 500 | _aIncludes bibliographical references | ||
| 942 |
_2ddc _cEN _mADM _h270 |
||
| 999 |
_c85072 _d85072 |
||